Classifica Marcatori Schalke 04 All-Time - Statistics

Statistiche generali
  • Questo quiz è stato fatto 4 volte
  • Il punteggio medio è 1 su 10
Statistiche sulle risposte
Gol Nazione Calciatore % Corretto
124 Paesi Bassi Klaas-Jan Huntelaar
100%
87 Germania Kevin Kuranyi
33%
141 Germania Bernhard Klodt
0%
103 Danimarca Ebbe Sand
0%
88 Germania Ingo Anderbrügge
0%
226 Germania Klaus Fischer
0%
71 Germania Manfred Kreuz
0%
75 Germania Olaf Thon
0%
78 Germania Waldemar Gerhardt
0%
83 Germania Willi Koslowski
0%
Nessun quiz corrispondente trovato
Distribuzione punteggi
Percentuale di utenti per punteggio
Percentile per numero di risposta
I tuoi punteggi nel tempo
Non hai fatto questo quiz